01561nam a22003977a 4500003000500000005001700005008004100022010001000063011001000073035001000083040000900093090001000102100004500112245014000157260003900297300002200336502011200358590003700470590004100507590004100548590004100589590004100630590004100671590004200712650003800754650002800792650004000820650003100860650003200891650004200923901000700965942001000972949003600982999001701018952012801035CHAP20220329140223.0971013s1977 r 00010 d a48734 a49706 a53856 cCHAP aTesis00aVelázquez Villalpando, Carlos.9118639 aEfecto de la fertilización nitrogenada y micronutrientes sobre el rendimiento del híbrido H-309 de maíz en una área del Bajío aMonterrey, N.L. :bEl autor,c1977 a58 h.b; gráfs. aTesis (Ing. Agrónomo en Producción Agropecuaria) -- ITESM. Div. de Ciencias Agropecuarias y Marítimas aALEPHb10c20130110lUCH01h1320 aBATCH-UPDb10c20130110lUCH01h0222 aBATCH-UPDb10c20130110lUCH01h1211 aBATCH-UPDb10c20130409lUCH01h2243 aBATCH-UPDb10c20130410lUCH01h1105 aBATCH-UPDb10c20130914lUCH01h1405 aCONVERSIONb10c20130109lUCH01h132714aFertilizantes para maíz.94062514aMaízxBajío.97089114aMaízxElementos minerales.97093814aMaízxHíbridos.97097414aMaízxRendimiento.97105114aNitrógenoxEfecto en maíz.981447 aBK cTESIS bBCcTESd-119150eTS1i53856si c48734d48734 00102local4051708TESISaBCbBCcPA_TESISd2012-12-17fTESISl0oTesisp-119150r2019-12-31 00:00:00w2019-12-31yTESIS